Ultimate Prem Ball Knowledge Quiz - Statistics

General Stats
  • This quiz has been taken 192 times
  • The average score is 23 of 50
Answer Stats
Picture Answer % Correct
Philippe Coutinho
87%
Jack Grealish
85%
Luka Modric
83%
Aaron Ramsdale
82%
Xherdan Shaqiri
79%
Gary Cahill
77%
Cesc Fabregas
73%
Marouane Fellaini
72%
Jonjo Shelvey
68%
David Seaman
66%
Andy Carroll
63%
Theo Walcott
63%
Che Adams
60%
Moussa Sissoko
59%
Adam Lallana
58%
Alf-Inge Haaland
58%
Crysencio Summerville
58%
Tim Cahill
58%
Nicolas Anelka
55%
Robinho
53%
Matt Doherty
51%
Renato Sanches
50%
Patrick Bamford
49%
Marc Albrighton
48%
Aaron Mooy
47%
Eric Garcia
47%
Romain Saiss
45%
Fernando Hierro
44%
Nwankwo Kanu
44%
Demba Ba
41%
Sergio Gomez
40%
Ashley Barnes
37%
Gareth Barry
35%
Ethan Pinnock
33%
Costel Pantilimon
31%
Kelechi Iheanacho
31%
Ryan Yates
28%
Kieffer Moore
27%
Callum Robinson
25%
Cucho Hernandez
25%
Stephen Ireland
25%
Glenn Murray
24%
Mohamed Elyounoussi
23%
Luka Milivojevic
22%
Jaïro Riedewald
20%
Javier Manquillo
15%
Ludwig Augustinsson
13%
Les Ferdinand
9%
William Smallbone
9%
Claudio Reyna
7%
No matching quizzes found
Score Distribution
Percent of People with Each Score
Percentile by Number Answered
Your Score History
You have not taken this quiz